Normal view
MARC view
- Troia, Vinny, PHD
Entry Personal Name
001 - CONTROL NUMBER
- control field: 6513
003 - CONTROL NUMBER IDENTIFIER
- control field: JO-AjAnu
005 - DATE AND TIME OF LATEST TRANSACTION
- control field: 20230606071345.0
008 - FIXED-LENGTH DATA ELEMENTS
- fixed length control field: 230606|| aca||aabn | a|a d
040 ## - CATALOGING SOURCE
- Original cataloging agency: JO-AjAnu
- Transcribing agency: JO-AjAnu
100 ## - HEADING--PERSONAL NAME
- Personal name: Troia, Vinny, PHD
670 ## - SOURCE DATA FOUND
- Source citation: Work cat.: (JO-AjAnu)3377: Troia, Vinny, PHD, author, Hunting Cyber Criminals: A Hackerk,s Guide to Online Intelligence Gathering Tools and Techniques